| 000 | 00315nam a2200109 4500 | ||
|---|---|---|---|
| 999 |
_c10786 _d10786 |
||
| 008 | 180920b ||||| |||| 00| 0 eng d | ||
| 245 | _aHouse bill exempts fresh grads from government document fees. | ||
| 260 |
_aPhilippines _bManila Bulletin _cc2016 |
||
| 300 | _apage 5. | ||
| 650 | 0 |
_937151 _aLaw. |
|
| 942 |
_2ddc _cPER |
||